| 000 | 00942nam a2200277 a 4500 | ||
|---|---|---|---|
| 001 | 735 | ||
| 003 | BR-CuiBMT | ||
| 005 | 20231116020450.0 | ||
| 008 | 231101s2013 spb 001 0 por d | ||
| 020 | _a9788539201587 | ||
| 040 |
_aBR-CuiBMT _cBR-CuiBMT |
||
| 080 |
_a352 _22007 _x(81) |
||
| 090 |
_a352(81) _bM514d _c17. ed. |
||
| 100 | 1 |
_aMeirelles, Hely Lopes, _d1917-1990 |
|
| 245 | 0 |
_aDireito municipal brasileiro / _cHely Lopes Meirelles ; Adilson Abreu Dallari, coordenador. |
|
| 250 | _a17. ed. atual. | ||
| 260 |
_aSão Paulo: _bMalheiros Editores, _c2013. |
||
| 300 |
_a870 p. ; _c21 cm |
||
| 504 | _aInclui bibliografia e índice. | ||
| 650 |
_aLei de Responsabilidade fiscal _xMunicípio _zBrasil |
||
| 650 |
_aFinanças públicas _vLegislação _zBrasil |
||
| 650 |
_aEstatuto das cidades _zBrasil |
||
| 650 |
_aEmendas constitucionais _xMunicípio _zBrasil |
||
| 700 | 1 |
_aDallari, Adilson Abreu, _d1941- _4coord. |
|
| 942 |
_2udc _cLV |
||
| 999 |
_c735 _d735 |
||